| 000 -LEADER | |
|---|---|
| fixed length control field | 00442nam a22001697a 4500 |
| 005 - DATE AND TIME OF LATEST TRANSACTION | |
| control field | 20230117115210.0 |
| 008 - FIXED-LENGTH DATA ELEMENTS--GENERAL INFORMATION | |
| fixed length control field | 220226b ||||| |||| 00| 0 eng d |
| 020 ## - INTERNATIONAL STANDARD BOOK NUMBER | |
| ISBN | 81-886-46-67-9 |
| 041 ## - LANGUAGE CODE | |
| Language code of text/sound track or separate title | eng |
| 082 ## - DEWEY DECIMAL CLASSIFICATION NUMBER | |
| Classification number | 547 |
| Item number | JAI-M |
| 100 ## - MAIN ENTRY--AUTHOR NAME | |
| Personal name | JAIN, M.K AND SHARMA, S.C. |
| 245 ## - TITLE STATEMENT | |
| Title | MODERN ORGANIC CHEMISTRY |
| 260 ## - PUBLICATION, DISTRIBUTION, ETC. (IMPRINT) | |
| Place of publication | JALANDHAR |
| Name of publisher | VISHAL PUBLISHING. CO |
| Year of publication | 2017 |
| 300 ## - PHYSICAL DESCRIPTION | |
| Number of Pages | 1382;p |
| 650 ## - SUBJECT ADDED ENTRY--TOPICAL TERM | |
| Topical Term | PHARMACY |
| General subdivision | B.PHARMA |
| 942 ## - ADDED ENTRY ELEMENTS (KOHA) | |
| Koha item type | Books |
| Lost status | Damaged status | Collection code | Home library | Current library | Shelving location | Date acquired | Source of acquisition | Cost, normal purchase price | Full call number | Accession Number | Koha item type |
|---|---|---|---|---|---|---|---|---|---|---|---|
| Reference | JRU Library | JRU Library | SHELF-4-A | 26/02/2022 | PURCHASE | 835.00 | 547 | 26743 | Books | ||
| PHARMACY | JRU Library | JRU Library | SHELF-17-C | 26/02/2022 | PURCHASE | 835.00 | 547 | 26744 | Books | ||
| PHARMACY | JRU Library | JRU Library | SHELF-17-C | 26/02/2022 | PURCHASE | 835.00 | 547 | 26745 | Books | ||
| PHARMACY | JRU Library | JRU Library | SHELF-19-C | 26/02/2022 | PURCHASE | 835.00 | 547 | 26746 | Books | ||
| PHARMACY | JRU Library | JRU Library | SHELF-17-C | 26/02/2022 | PURCHASE | 835.00 | 547 | 26747 | Books |